South Eastern Kenya University

Library Online Public Access Catalogue


Last look : (Record no. 12582)

MARC details
000 -LEADER
fixed length control field 01395cam a22003493a 4500
001 - CONTROL NUMBER
control field 15309478
003 - CONTROL NUMBER IDENTIFIER
control field OSt
005 - DATE AND TIME OF LATEST TRANSACTION
control field 20160409085959.0
008 - FIXED-LENGTH DATA ELEMENTS--GENERAL INFORMATION
fixed length control field 070524s2007 nyu 000 1 eng d
010 ## - LIBRARY OF CONGRESS CONTROL NUMBER
LC control number 2008571715
015 ## - NATIONAL BIBLIOGRAPHY NUMBER
National bibliography number GBA745082
Source bnb
016 7# - NATIONAL BIBLIOGRAPHIC AGENCY CONTROL NUMBER
Record control number 013767121
Source Uk
020 ## - INTERNATIONAL STANDARD BOOK NUMBER
International Standard Book Number 9780739483541
035 ## - SYSTEM CONTROL NUMBER
System control number (OCoLC)ocn135188197
035 ## - SYSTEM CONTROL NUMBER
System control number (OCoLC)135188197
040 ## - CATALOGING SOURCE
Original cataloging agency SEKU
050 ## - LIBRARY OF CONGRESS CALL NUMBER
Classification number PS 3569
Item number .S7
100 1# - MAIN ENTRY--PERSONAL NAME
Personal name Stewart, Mariah.
245 10 - TITLE STATEMENT
Title Last look :
Remainder of title a novel of suspense /
Statement of responsibility, etc. Mariah Stewart.
250 ## - EDITION STATEMENT
Edition statement Ballantine Books mass-market original [ed.]
260 ## - PUBLICATION, DISTRIBUTION, ETC. (IMPRINT)
Place of publication, distribution, etc. New York :
Name of publisher, distributor, etc. Ballantine Books,
Date of publication, distribution, etc. 2007.
300 ## - PHYSICAL DESCRIPTION
Extent 344, [21] p. ;
Dimensions 18 cm.
520 ## - SUMMARY, ETC.
Summary, etc. When the body of Shannon Randall, a murdered prostitute, turns up, FBI Special Agent Dorsey Collins and Andrew Shields try to uncover the truth about the woman, supposedly killed more than two decades earlier in a crime for which a man had been executed.
610 10 - SUBJECT ADDED ENTRY--CORPORATE NAME
Corporate name or jurisdiction name as entry element United States.
Subordinate unit Federal Bureau of Investigation.
General subdivision Officials and employees
Form subdivision Fiction.
650 #0 - SUBJECT ADDED ENTRY--TOPICAL TERM
Topical term or geographic name as entry element Missing persons
General subdivision Investigation
Form subdivision Fiction.
650 #0 - SUBJECT ADDED ENTRY--TOPICAL TERM
Topical term or geographic name as entry element Prostitutes
General subdivision Crimes against
Form subdivision Fiction.
650 #0 - SUBJECT ADDED ENTRY--TOPICAL TERM
Topical term or geographic name as entry element Judicial error
Geographic subdivision South Carolina
Form subdivision Fiction.
655 #7 - INDEX TERM--GENRE/FORM
Genre/form data or focus term Suspense fiction.
Source of term gsafd
655 #7 - INDEX TERM--GENRE/FORM
Genre/form data or focus term Romantic suspense fiction.
Source of term gsafd
710 2# - ADDED ENTRY--CORPORATE NAME
Corporate name or jurisdiction name as entry element Copyright Paperback Collection (Library of Congress)
Institution to which field applies DLC
942 ## - ADDED ENTRY ELEMENTS (KOHA)
Source of classification or shelving scheme Library of Congress Classification
Koha item type General circulation
Holdings
Withdrawn status Lost status Source of classification or shelving scheme Damaged status Not for loan Home library Current library Shelving location Date acquired Source of acquisition Total Checkouts Full call number Barcode Date last seen Price effective from Koha item type Public note
    Library of Congress Classification     Main Campus Library Main Campus Library General Stacks 09/04/2016 Donation- Books for Africa   PS 3569 .S7 2016/015990 09/04/2016 09/04/2016 General circulation stv
Kitui, Kenya.
+254736116989
library@seku.ac.ke